| 000 | 01232nam1a22002651 4500 | ||
|---|---|---|---|
| 001 | rc\3214515 | ||
| 005 | 20130115140421.4 | ||
| 021 |
_aRU _bРг10512-74 |
||
| 035 | _a(NLR Aleph) 007360860 | ||
| 090 |
_a6306198 _c6306199 |
||
| 100 | _a20130115d1974 |||y0rusy50 ca | ||
| 101 | 0 | _arus | |
| 102 | _aRU | ||
| 105 | _ay z ||||| | ||
| 200 | 1 |
_aМатериалы для программированного опроса по курсу "Теория механизмов и машин и детали машин" _e[В 3 ч.] _eЧ. 1- _fМ-во высш. и сред. спец. образ. РСФСР. Горьк. инж.-строит. ин-т В.П. Чкалова. Кафедра технологии строит. производства |
|
| 205 | _a(2-е изд., доп. и перераб.) | ||
| 210 |
_aГорький _cБ. и. _d1974 |
||
| 215 | _d20 | ||
| 532 | 1 | 3 | _aМатериалы для программированного опроса по курсу Теория механизмов и машин и детали машин |
| 700 | 1 |
_aЕршов _bВ. С. _gВиталий Сергеевич |
|
| 801 | 0 |
_aRU _bNLR _gpsbo |
|
| 801 | 1 |
_aRU _bELAR _2rusmarc |
|
| 852 |
_aNLR _j74-4/14801 |
||
| 942 | _cBOOK | ||
| 980 | _aNB | ||